George Washington Quiz - Statistics

General Stats
  • This quiz has been taken 27 times
  • The average score is 4 of 15
Answer Stats
Hint Answer % Correct
How many children did George Washington have? 2
69%
How many BIOLOGICAL children did George Washington Have? 0
50%
How many Sibling did George Washington Have? 9
44%
What was Washington's first war he fought in? French and Indian
38%
What was Washington's first job? Surveyor
38%
When was George Washington Born? (Exact Date) February 22, 1732
31%
When did George Washington Die? (Exact Date) December 14, 1799
25%
Who was George Washington's Mother? Mary Ball
25%
Who was George Washington's Father? Augustine
13%
Where did George Washington Die? Mount Vernon, VA
13%
Where was George Washington Born? Pope's Creek, VA
13%
Who was George Washington's Wife? Martha (Custis) Washington
6%
When was George Washington elected President? April 30, 1789
0%
How did Washington Die? Epiglottis
0%
What were their names? Martha and John
0%
No matching quizzes found
Score Distribution
Percent of People with Each Score
Percentile by Number Answered
Your Score History
You have not taken this quiz